Analýza príjmov a výdavkov fyzických osôb v kontexte zdaňovania daňou z príjmov v podmienkach SR bakalárska práca

Saved in:
Bibliographic Details
Main Author: Huňová, Nikola
Corporate Author: Fakulta hospodárskej informatiky EU. Katedra účtovníctva a audítorstva
Other Authors: Vašeková, Miroslava, 1978-
Format: Book
Language:Slovak
Published: Bratislava 2017
Tags: Add Tag
No Tags, Be the first to tag this record!

MARC

LEADER 00000nbm a2200000 4500
001 0233057
005 20180412140051.7
041 0 |a slo 
044 |a SK 
245 1 0 |a Analýza príjmov a výdavkov fyzických osôb v kontexte zdaňovania daňou z príjmov v podmienkach SR  |b bakalárska práca  |c Nikola Huňová ; školiteľ: Miroslava Vašeková 
264 1 |a Bratislava  |c 2017 
300 |a 43 s. 
100 1 |a Huňová, Nikola 
700 1 |a Vašeková, Miroslava, 1978- 
710 2 |a Fakulta hospodárskej informatiky EU. Katedra účtovníctva a audítorstva